|
|
|
|
| LEADER |
02940nam a22005655i 4500 |
| 001 |
978-3-642-28332-1 |
| 003 |
DE-He213 |
| 005 |
20151204160308.0 |
| 007 |
cr nn 008mamaa |
| 008 |
120302s2012 gw | s |||| 0|eng d |
| 020 |
|
|
|a 9783642283321
|9 978-3-642-28332-1
|
| 024 |
7 |
|
|a 10.1007/978-3-642-28332-1
|2 doi
|
| 040 |
|
|
|d GrThAP
|
| 050 |
|
4 |
|a QA75.5-76.95
|
| 072 |
|
7 |
|a UYZG
|2 bicssc
|
| 072 |
|
7 |
|a COM037000
|2 bisacsh
|
| 082 |
0 |
4 |
|a 004.0151
|2 23
|
| 245 |
1 |
0 |
|a Language and Automata Theory and Applications
|h [electronic resource] :
|b 6th International Conference, LATA 2012, A Coruña, Spain, March 5-9, 2012. Proceedings /
|c edited by Adrian-Horia Dediu, Carlos Martín-Vide.
|
| 264 |
|
1 |
|a Berlin, Heidelberg :
|b Springer Berlin Heidelberg,
|c 2012.
|
| 300 |
|
|
|a XII, 556 p. 64 illus.
|b online resource.
|
| 336 |
|
|
|a text
|b txt
|2 rdacontent
|
| 337 |
|
|
|a computer
|b c
|2 rdamedia
|
| 338 |
|
|
|a online resource
|b cr
|2 rdacarrier
|
| 347 |
|
|
|a text file
|b PDF
|2 rda
|
| 490 |
1 |
|
|a Lecture Notes in Computer Science,
|x 0302-9743 ;
|v 7183
|
| 520 |
|
|
|a This book constitutes the refereed proceedings of the 6th International Conference on Language and Automata Theory and Applications, LATA 2012, held in A Coruña, Spain in March 2012. The 41 revised full papers presented together with 3 invited talks and 2 invited tutorials were carefully reviewed and selected from 114 initial submissions. The volume features contributions from both classical theory fields and application areas; e.g. innformatics, systems biology, language technology, artificial intelligence, etc. Among the topics covered are algebraic language theory, automata and logic, systems analysis, systems verifications, computational complexity, decidability, unification, graph transformations, language-based cryptography, and applications in data mining, computational learning, and pattern recognition.
|
| 650 |
|
0 |
|a Computer science.
|
| 650 |
|
0 |
|a Computers.
|
| 650 |
|
0 |
|a Algorithms.
|
| 650 |
|
0 |
|a Computer logic.
|
| 650 |
|
0 |
|a Mathematical logic.
|
| 650 |
|
0 |
|a Artificial intelligence.
|
| 650 |
|
0 |
|a Application software.
|
| 650 |
1 |
4 |
|a Computer Science.
|
| 650 |
2 |
4 |
|a Computation by Abstract Devices.
|
| 650 |
2 |
4 |
|a Mathematical Logic and Formal Languages.
|
| 650 |
2 |
4 |
|a Algorithm Analysis and Problem Complexity.
|
| 650 |
2 |
4 |
|a Artificial Intelligence (incl. Robotics).
|
| 650 |
2 |
4 |
|a Logics and Meanings of Programs.
|
| 650 |
2 |
4 |
|a Computer Appl. in Social and Behavioral Sciences.
|
| 700 |
1 |
|
|a Dediu, Adrian-Horia.
|e editor.
|
| 700 |
1 |
|
|a Martín-Vide, Carlos.
|e editor.
|
| 710 |
2 |
|
|a SpringerLink (Online service)
|
| 773 |
0 |
|
|t Springer eBooks
|
| 776 |
0 |
8 |
|i Printed edition:
|z 9783642283314
|
| 830 |
|
0 |
|a Lecture Notes in Computer Science,
|x 0302-9743 ;
|v 7183
|
| 856 |
4 |
0 |
|u http://dx.doi.org/10.1007/978-3-642-28332-1
|z Full Text via HEAL-Link
|
| 912 |
|
|
|a ZDB-2-SCS
|
| 912 |
|
|
|a ZDB-2-LNC
|
| 950 |
|
|
|a Computer Science (Springer-11645)
|